| 000 | 00657 a2200205 4500 | ||
|---|---|---|---|
| 001 | 63599 | ||
| 005 | 20260407155935.0 | ||
| 008 | 260407a1970 arg spa d | ||
| 003 | AR-UNSa-BCEJYS | ||
| 040 |
_aAR-UNSa-BCEJYS _bspa _cAR-UNSa-BCEJYS |
||
| 080 |
_a004 _xCiencia y tecnología de los ordenadores. Informática |
||
| 245 | 1 | 0 |
_aIntroducción a las computadoras digitales _pTécnicas de operación. Diseño lógico. Programación |
| 264 | 1 |
_aMéxico : _bLimusa-Wiley _c1970 |
|
| 300 |
_a278 p. _c22 cm. |
||
| 041 | _aspa | ||
| 942 | _cBK | ||
| 590 | _aniveau_biblio:m niveau_hierar:0 | ||
| 100 | 1 | _aMaley, Herald A. | |
| 700 | 1 | _aHeilweil, Melvin F. | |
| 999 |
_c8254 _d8254 |
||